| 000 | 01158nam a2200325 i 4500 | ||
|---|---|---|---|
| 001 | 13608 | ||
| 003 | KOSZ 005 | ||
| 005 | 20190801102735.0 | ||
| 008 | 080213s1964 pl a e 001 0 pol | ||
| 015 | _aPB 1965/65 | ||
| 035 | _a(OCoLC)804001835 | ||
| 040 |
_aWA N _cWA N _dKOSZ 005/KK |
||
| 041 | 0 |
_apol _beng _brus |
|
| 080 | _a658.2/.5:331.87 | ||
| 100 | 1 |
_aHaus, Ber _d(1920-2011). _eAutor. |
|
| 245 | 1 | 0 |
_aFormy organizacji pracy w przemyśle / _cBer Haus. |
| 260 |
_aWarszawa : _bPaństwowe Wydawnictwo Ekonomiczne, _c1964. |
||
| 300 |
_a251, [1] stron : _bilustracje ; _c18 cm. |
||
| 336 |
_2rdacontent _aTekst _btxt |
||
| 337 |
_2rdamedia _aBez urządzenia pośredniczącego _bn |
||
| 338 |
_2rdacarrier _aWolumin _bnc |
||
| 380 | _aKsiążki. | ||
| 504 | _aBibliografia na stronach 236-244. Indeks. | ||
| 546 | _aStreszczenie w języku angielskim, rosyjskim. | ||
| 658 | _aGospodarka, ekonomia, finanse | ||
| 650 | 4 | _aPrzemysł | |
| 710 | 2 |
_aPaństwowe Wydawnictwo Ekonomiczne _4pbl. |
|
| 856 |
_uhttp://koha.tu.koszalin.pl/cgi-bin/koha/opac-detail.pl?biblionumber=13608 _yKatalog online BPK |
||
| 942 |
_2UKD _cKS |
||
| 999 |
_c13608 _d13608 |
||